| 000 -LEADER |
| fixed length control field |
00657cam a2200193 i 4500 |
| 020 ## - INTERNATIONAL STANDARD BOOK NUMBER |
| ISBN |
2709904578 |
| 040 ## - CATALOGING SOURCE |
| Transcribing agency |
DLC |
| 082 00 - DEWEY DECIMAL CLASSIFICATION NUMBER |
| Classification number |
641 ORS 1977 A083 Or, |
| 100 1# - MAIN ENTRY--AUTHOR NAME |
| Personal name |
Favier, J. C. |
| 245 10 - TITLE STATEMENT |
| Title |
Valeur alimentaire de deux aliments de base africains : |
| Remainder of title |
le manioc et le sorgho / |
| 260 ## - PUBLICATION, DISTRIBUTION, ETC. (IMPRINT) |
| Place of publication |
Paris : |
| Name of publisher |
ORSTOM, |
| Year of publication |
1977. |
| 300 ## - PHYSICAL DESCRIPTION |
| Number of Pages |
122 p. : |
| Other physical details |
ill. ; |
| Dimensions |
24 cm. |
| 490 1# - SERIES STATEMENT |
| Series statement |
Travaux et documents de l'O.R.S.T.O.M. ; |
| 500 ## - GENERAL NOTE |
| General note |
Originally presented as the author's thesis, Université des sciences et techniques du Languedoc, 1973. |
| 500 ## - GENERAL NOTE |
| General note |
Includes summary in English. |
| 650 #0 - SUBJECT ADDED ENTRY--TOPICAL TERM |
| Topical Term |
Cassava as food. |
| 650 #0 - SUBJECT ADDED ENTRY--TOPICAL TERM |
| Topical Term |
Sorghum as food. |
| 942 ## - ADDED ENTRY ELEMENTS (KOHA) |
| Koha item type |
សៀវភៅភាសាអង់គ្លេស |
| 952 ## - LOCATION AND ITEM INFORMATION (KOHA) |
| Withdrawn status [LOCAL, KOHA] |
0 |